[Event "Sherbrooke op"]
[Site "Sherbrooke CAN"]
[Date "2010.05.30"]
[Round "5"]
[White "Masse, Hugues"]
[Black "Poulin, Mathieu"]
[Result "0-1"]
[WhiteElo "2240"]
[BlackElo "2004"]
[PlyCount "45"]
[EventDate "2010.05.28"]
[EventType "swiss"]
[EventRounds "5"]
[EventCountry "CAN"]

1. e4 c6 2. d4 d5 3. e5 Bf5 4. Nc3 e6 5. g4 Bg6 6. Nge2 c5 7. h4 h5 8. Nf4 Bh7
9. Nxh5 Nc6 10. Ne2 Nb4 11. dxc5 Nxc2+ 12. Kd2 Nxa1 13. Nd4 Qa5+ 14. Ke3 Bxc5
15. Nxg7+ Kf8 16. Ngxe6+ fxe6 17. Qf3+ Ke7 18. Ba6 Nc2+ 19. Kf4 Nxd4 20. Qxd5
exd5 21. Kg5 Ne6+ 22. Kh5 Be4+ 23. Bh6 0-1

[Event "Sherbrooke op"]
[Site "Sherbrooke CAN"]
[Date "2010.03.30"]
[Round "5"]
[White "Pilotte, Benoit"]
[Black "Wu, Qiyou"]
[Result "0-1"]
[WhiteElo "1762"]
[BlackElo "1780"]
[PlyCount "78"]
[EventDate "2010.05.28"]
[EventType "swiss"]
[EventRounds "5"]
[EventCountry "CAN"]

1. g4 d5 2. Bg2 c6 3. h3 e5 4. d4 e4 5. c4 Bd6 6. Nc3 Ne7 7. f4 exf3 8. Nxf3
Bg3+ 9. Kf1 dxc4 10. e4 Bc7 11. Bg5 h6 12. Bh4 g5 13. Nxg5 hxg5 14. Bxg5 Be6
15. d5 cxd5 16. exd5 Bd7 17. Qd4 f6 18. Bxf6 Rf8 19. Re1 Bd6 20. Ne4 Qc7 21.
Nxd6+ Qxd6 22. g5 Nbc6 23. Qc3 O-O-O 24. dxc6 Bxc6 25. Bxc6 Qxc6 26. Rh2 Nd5
27. Qf3 Rd6 28. Qg4+ Kb8 29. Rf2 Nxf6 30. gxf6 Rdxf6 31. Qg3+ Ka8 32. Rxf6
Qxf6+ 33. Kg1 Qxb2 34. Rf1 Qd4+ 35. Kg2 Rc8 36. h4 c3 37. h5 c2 38. Qa3 Qd2+
39. Kh3 c1=Q 0-1

[Event "Sherbrooke op"]
[Site "Sherbrooke CAN"]
[Date "2010.05.30"]
[Round "5"]
[White "Qin, Zi Yi (Joey)"]
[Black "Ah-Lan, Kenny"]
[Result "1/2-1/2"]
[WhiteElo "2164"]
[BlackElo "2008"]
[PlyCount "94"]
[EventDate "2010.05.28"]
[EventType "swiss"]
[EventRounds "5"]
[EventCountry "CAN"]

1. e4 c5 2. Nf3 Nc6 3. d4 cxd4 4. Nxd4 Nf6 5. Nc3 e5 6. Ndb5 d6 7. Bg5 a6 8.
Na3 b5 9. Nd5 Be7 10. Bxf6 Bxf6 11. c3 O-O 12. Nc2 Bg5 13. a4 bxa4 14. Rxa4 a5
15. Bc4 Rb8 16. Ra2 Kh8 17. Nce3 g6 18. h4 Bxh4 19. g3 Bg5 20. f4 exf4 21. gxf4
Bh4+ 22. Kf1 f5 23. b4 axb4 24. Rah2 g5 25. fxg5 fxe4+ 26. Ke2 Rf2+ 27. Rxf2
Bxf2 28. Kxf2 Qxg5 29. Rh5 Qg7 30. Nf4 Qf6 31. Ned5 Qf7 32. cxb4 Ne5 33. Qd4
Qg7 34. Qxe4 Bg4 35. Rh4 Bf3 36. Qf5 Rg8 37. Rxh7+ Qxh7 38. Qxh7+ Kxh7 39. Nf6+
Kg7 40. Nxg8 Nxc4 41. Kxf3 Kxg8 42. Ke4 Nb6 43. Nd5 Nc8 44. Nc7 Nb6 45. Nb5 Kf7
46. Nxd6+ Ke6 47. Nb7 Nd5 1/2-1/2

[Event "Sherbrooke op"]
[Site "Sherbrooke CAN"]
[Date "2010.05.30"]
[Round "5"]
[White "Sambuev, Bator"]
[Black "Larochelle, Martial"]
[Result "1-0"]
[WhiteElo "2556"]
[BlackElo "2198"]
[PlyCount "75"]
[EventDate "2010.05.28"]
[EventType "swiss"]
[EventRounds "5"]
[EventCountry "CAN"]

1. d4 Nf6 2. c4 g6 3. Nc3 d5 4. cxd5 Nxd5 5. e4 Nxc3 6. bxc3 Bg7 7. Nf3 c5 8.
Bb5+ Nd7 9. O-O O-O 10. a4 Qc7 11. Qe2 b6 12. Bg5 Bb7 13. d5 a6 14. Bc4 Ne5 15.
Nxe5 Bxe5 16. Qe3 Bxh2+ 17. Kh1 Be5 18. Rad1 Qd7 19. f4 Bg7 20. Be2 Qxa4 21. c4
Qd7 22. e5 f6 23. Bh4 fxe5 24. fxe5 Rxf1+ 25. Rxf1 Rf8 26. Rxf8+ Kxf8 27. e6
Qe8 28. Qf4+ Kg8 29. Qc7 Bc8 30. Bxe7 Bd4 31. Bd6 g5 32. Be5 Qf8 33. Bxd4 cxd4
34. Bd3 Qh6+ 35. Kg1 Bxe6 36. Qxb6 Qf8 37. Qxe6+ Kg7 38. d6 1-0

[Event "Sherbrooke op"]
[Site "Sherbrooke CAN"]
[Date "2010.05.30"]
[Round "5"]
[White "Wang, Kelly"]
[Black "Cote-Lalumiere, Tristan"]
[Result "0-1"]
[WhiteElo "1517"]
[BlackElo "1705"]
[PlyCount "64"]
[EventDate "2010.05.28"]
[EventType "swiss"]
[EventRounds "5"]
[EventCountry "CAN"]

1. e4 c5 2. Nf3 d6 3. c3 Nf6 4. Be2 g6 5. O-O Bg7 6. Qc2 O-O 7. d4 cxd4 8. cxd4
Bg4 9. Nc3 Nc6 10. Be3 Rc8 11. Qd2 d5 12. e5 Ne4 13. Qd1 Nxc3 14. bxc3 Na5 15.
Rc1 Nc4 16. h3 Nxe3 17. fxe3 Bd7 18. c4 Bh6 19. Qb3 dxc4 20. Rxc4 Qb6 21. Rb4
Bxe3+ 22. Kh1 Qa5 23. Rxb7 Rc3 24. Qd1 Bc6 25. Rb1 Qxa2 26. Ra1 Qb2 27. Rxa7
Rc2 28. Rc7 Rxe2 29. Rxc6 Rxg2 30. Qd3 Bh6 31. Rb1 Qf2 32. Rcb6 Rg3 0-1

[Event "Southern Alberta op"]
[Site "Calgary CAN"]
[Date "2002.11.20"]
[Round "1.1"]
[White "Dunne, Eoin"]
[Black "Rekhson, Vladislav"]
[Result "0-1"]
[WhiteElo "1697"]
[BlackElo "2132"]
[PlyCount "126"]
[EventDate "2010.11.20"]
[EventType "swiss"]
[EventRounds "5"]
[EventCountry "CAN"]

1. e4 c5 2. Nf3 a6 3. d3 d6 4. g3 Nc6 5. c3 g6 6. Bg2 Bg7 7. O-O Nf6 8. Re1 O-O
9. a4 Rb8 10. h3 b5 11. Nbd2 b4 12. Nc4 Na5 13. Nxa5 Qxa5 14. Bd2 Nd7 15. cxb4
cxb4 16. d4 Bb7 17. Bg5 Rfe8 18. Qd2 e5 19. Bh6 Bh8 20. dxe5 Nxe5 21. Nxe5 Bxe5
22. Bf4 Rbc8 23. Red1 Rc4 24. Bxe5 Qxe5 25. b3 Rc3 26. Qxd6 Rxb3 27. Qb6 Bc8
28. Rab1 Rxb1 29. Rxb1 a5 30. f4 Qc3 31. Qxa5 Qxg3 32. Qg5 Qe3+ 33. Kh2 b3 34.
h4 Kg7 35. f5 Qxg5 36. hxg5 gxf5 37. exf5 Re3 38. a5 Bxf5 39. Rb2 Bc8 40. Bf1
Rc3 41. Kg1 Rg3+ 42. Kf2 Rxg5 43. a6 Rf5+ 44. Kg1 Rxf1+ 45. Kxf1 Bxa6+ 46. Kf2
Bc4 47. Kg3 Kf6 48. Kf4 Be6 49. Ke4 Kg5 50. Kf3 h5 51. Kg3 h4+ 52. Kh2 h3 53.
Kg3 Kf6 54. Kf4 Kg6 55. Kg3 Kg5 56. Re2 Bf5 57. Rb2 Bc2 58. Kxh3 Kf4 59. Kg2
Ke3 60. Kg3 f5 61. Kg2 f4 62. Kf1 Kf3 63. Ke1 Kg2 0-1

[Event "Southern Alberta op"]
[Site "Calgary CAN"]
[Date "2010.11.20"]
[Round "1.2"]
[White "Daniluk, Jim"]
[Black "Kornilo, Ivan"]
[Result "0-1"]
[WhiteElo "2089"]
[BlackElo "1662"]
[PlyCount "86"]
[EventDate "2010.11.20"]
[EventType "swiss"]
[EventRounds "5"]
[EventCountry "CAN"]

1. d4 d5 2. c4 c6 3. g3 Nf6 4. Bg2 Bf5 5. Nc3 e6 6. Nf3 Bd6 7. Ne5 Nbd7 8. f4
O-O 9. O-O h6 10. h3 dxc4 11. e4 Bh7 12. Nxc6 bxc6 13. e5 Nd5 14. exd6 N7f6 15.
g4 Qxd6 16. g5 Nxc3 17. bxc3 hxg5 18. fxg5 Nd5 19. Qe1 Bd3 20. Rf3 Rab8 21.
Rxd3 cxd3 22. Be4 Nf4 23. Qh4 Ne2+ 24. Kg2 g6 25. Bxd3 Nxc1 26. Rxc1 Rb2+ 27.
Rc2 Rxc2+ 28. Bxc2 Qd5+ 29. Kg3 Qxa2 30. Qe4 Qd5 31. Qe3 Rb8 32. h4 Rb2 33. Be4
Qd6+ 34. Kg4 Qh2 35. Bxc6 Rb1 36. Qe5 Rg1+ 37. Kf3 Qh3+ 38. Ke2 Qf1+ 39. Ke3
Qe1+ 40. Kf3 Qxe5 41. dxe5 Rc1 42. Bb5 Rxc3+ 43. Kf4 a5 0-1

[Event "Southern Alberta op"]
[Site "Calgary CAN"]
[Date "2010.11.20"]
[Round "1.3"]
[White "McKay, Tom"]
[Black "Karmali, Hafiz"]
[Result "0-1"]
[WhiteElo "1610"]
[BlackElo "2084"]
[PlyCount "64"]
[EventDate "2010.11.20"]
[EventType "swiss"]
[EventRounds "5"]
[EventCountry "CAN"]

1. e4 c5 2. Nf3 e6 3. d4 cxd4 4. Nxd4 Nf6 5. Nc3 Bb4 6. Bd3 e5 7. Nde2 O-O 8.
O-O h6 9. a3 Be7 10. Ng3 d6 11. Nf5 Bxf5 12. exf5 d5 13. Re1 Nc6 14. Bb5 Qd6
15. Bxc6 bxc6 16. Qf3 Rab8 17. Qg3 Nd7 18. Rd1 Nf6 19. Re1 Nd7 20. Rd1 Qf6 21.
Qg4 Rfd8 22. Rd3 e4 23. Rh3 Ne5 24. Qg3 Bd6 25. Kf1 Nd3 26. Rxh6 Qxh6 27. Bxh6
Bxg3 28. cxd3 Bxf2 29. Kxf2 Rxb2+ 30. Kg3 gxh6 31. dxe4 Rb3 32. Rc1 d4 0-1

[Event "Southern Alberta op"]
[Site "Calgary CAN"]
[Date "2010.11.20"]
[Round "1.4"]
[White "Razzaq, Ali"]
[Black "Kowalyk, Tim"]
[Result "0-1"]
[WhiteElo "1990"]
[BlackElo "1609"]
[PlyCount "98"]
[EventDate "2010.11.20"]
[EventType "swiss"]
[EventRounds "5"]
[EventCountry "CAN"]

1. d4 Nf6 2. Nf3 c6 3. e3 d5 4. Bd3 Bg4 5. c4 dxc4 6. Bxc4 e6 7. Qb3 Qb6 8.
Qxb6 axb6 9. Ne5 Bf5 10. f3 h6 11. e4 Bh7 12. Be3 Nbd7 13. Nxd7 Nxd7 14. a4 b5
15. Bb3 bxa4 16. Rxa4 Rxa4 17. Bxa4 Bb4+ 18. Kf2 Ke7 19. Nc3 Nf6 20. Bb3 Bxc3
21. bxc3 Bxe4 22. fxe4 Nxe4+ 23. Kf3 Nxc3 24. Bd2 Nd5 25. Bxd5 exd5 26. Re1+
Kd7 27. Bb4 Re8 28. Rxe8 Kxe8 29. Kf4 f6 30. h4 h5 31. g4 hxg4 32. h5 g3 33.
Kxg3 Kf7 34. Kf4 g6 35. hxg6+ Kxg6 36. Bc5 f5 37. Ke5 Kg5 38. Kd6 f4 39. Bb4
Kf5 40. Be1 Ke4 41. Bf2 Kf3 42. Be1 Ke3 43. Kc7 Kxd4 44. Kxb7 c5 45. Kc6 c4 46.
Bf2+ Ke4 47. Kc5 c3 48. Be1 c2 49. Bd2 f3 0-1

[Event "Southern Alberta op"]
[Site "Calgary CAN"]
[Date "2010.11.20"]
[Round "1.5"]
[White "Singh, Krishneel"]
[Black "Pedersen, Rick"]
[Result "0-1"]
[WhiteElo "1465"]
[BlackElo "1962"]
[PlyCount "62"]
[EventDate "2010.11.20"]
[EventType "swiss"]
[EventRounds "5"]
[EventCountry "CAN"]

1. e4 d6 2. d4 Nf6 3. Nc3 g6 4. Bc4 Bg7 5. Nf3 O-O 6. h3 Nxe4 7. Bxf7+ Rxf7 8.
Nxe4 h6 9. Be3 Bf5 10. Ng3 Nd7 11. Qd2 Kh7 12. Nxf5 Rxf5 13. O-O-O a5 14. Rhe1
Nb6 15. Qd3 Nd5 16. Nh4 Nb4 17. Qe4 d5 18. Qg4 Rf6 19. a3 Nc6 20. Bf4 h5 21.
Qg3 Rxf4 22. Qxf4 Bh6 23. Qxh6+ Kxh6 24. Re6 Qg8 25. Rde1 Rf8 26. Rxg6+ Qxg6
27. Nxg6 Kxg6 28. f3 Kf6 29. c3 e5 30. dxe5+ Nxe5 31. f4 Nd3+ 0-1

[Event "Southern Alberta op"]
[Site "Calgary CAN"]
[Date "2010.11.20"]
[Round "1.6"]
[White "Wang, Yuekai"]
[Black "Bezjack, Rob"]
[Result "1-0"]
[WhiteElo "1904"]
[BlackElo "1376"]
[PlyCount "49"]
[EventDate "2010.11.20"]
[EventType "swiss"]
[EventRounds "5"]
[EventCountry "CAN"]

1. e4 e5 2. Nf3 Nc6 3. Bb5 a6 4. Ba4 Nf6 5. O-O Bd6 6. d4 O-O 7. Bxc6 bxc6 8.
dxe5 Bc5 9. exf6 Qxf6 10. Nc3 d6 11. h3 Qg6 12. Kh1 Rb8 13. Qd3 f5 14. Nh4 Qh5
15. Nxf5 Bxf5 16. exf5 Rxf5 17. g4 Qh4 18. gxf5 Rf8 19. Qg3 Qc4 20. Be3 Rxf5
21. Bxc5 Qxc5 22. Rae1 h6 23. Qg6 Rxf2 24. Re8+ Rf8 25. Rfxf8# 1-0

[Event "Southern Alberta op"]
[Site "Calgary CAN"]
[Date "2010.11.20"]
[Round "1.7"]
[White "Lee, Nicholas"]
[Black "MacFie, Bob"]
[Result "1/2-1/2"]
[WhiteElo "1750"]
[BlackElo "1816"]
[PlyCount "63"]
[EventDate "2010.11.20"]
[EventType "swiss"]
[EventRounds "5"]
[EventCountry "CAN"]

1. d4 d5 2. c4 Nc6 3. Nf3 Bg4 4. e3 e6 5. Be2 Nf6 6. Nc3 Bb4 7. O-O O-O 8. Bd2
Ne7 9. Nxd5 Nexd5 10. cxd5 Nxd5 11. Qc2 c6 12. e4 Bxd2 13. Qxd2 Nf6 14. e5 Nd5
15. Rac1 Qe7 16. a3 Bf5 17. Ne1 g5 18. g3 Bh3 19. Ng2 f5 20. Rfe1 Bxg2 21. Kxg2
Rf7 22. Bc4 Raf8 23. Bxd5 exd5 24. f4 g4 25. Re3 Qe6 26. Kg1 h5 27. Qf2 Rg7 28.
Rec3 Rff7 29. b4 Rg6 30. Qc2 Rgg7 31. Rc5 Kh7 32. Qa4 1/2-1/2

[Event "Southern Alberta op"]
[Site "Calgary CAN"]
[Date "2010.11.20"]
[Round "2.1"]
[White "Rekhson, Vladislav"]
[Black "Wang, Yuekai"]
[Result "1-0"]
[WhiteElo "2132"]
[BlackElo "1904"]
[PlyCount "129"]
[EventDate "2010.11.20"]
[EventType "swiss"]
[EventRounds "5"]
[EventCountry "CAN"]

1. e4 c5 2. Nf3 Nc6 3. Bb5 Qc7 4. O-O g6 5. d3 Bg7 6. Nc3 e6 7. Re1 Nge7 8. Bg5
O-O 9. a4 a6 10. Bc4 d6 11. Qd2 Ne5 12. Nxe5 Bxe5 13. Bh6 Rd8 14. h4 d5 15. Ba2
Rb8 16. exd5 Ra8 17. dxe6 Bxe6 18. Bxe6 fxe6 19. Qe3 Nc6 20. Qxc5 Rd4 21. Nb5
axb5 22. axb5 Rad8 23. bxc6 Bd6 24. Qc3 Bb4 25. Qb3 Bxe1 26. Qxe6+ Qf7 27. Rxe1
Qxe6 28. Rxe6 Kf7 29. Re5 bxc6 30. Be3 Rb4 31. b3 Ra8 32. g3 Rb5 33. Re4 c5 34.
Kg2 Kf6 35. Rc4 Ke6 36. Bxc5 Kd5 37. b4 Ra2 38. Rd4+ Ke6 39. Re4+ Kf5 40. Be7
Re5 41. Rf4+ Ke6 42. Bf6 Rf5 43. Rxf5 gxf5 44. Bd4 Rxc2 45. Kf3 Kd5 46. Bc5 Rd2
47. Kf4 Rxd3 48. Kxf5 Rf3+ 49. Kg5 Rf7 50. Be3 Ke6 51. g4 Rf6 52. b5 Rf7 53. b6
Ke5 54. h5 Re7 55. Bf4+ Ke6 56. Bc7 Kd7 57. Kf6 Re6+ 58. Kf5 Re7 59. f4 Rf7+
60. Ke5 Re7+ 61. Kf6 Re6+ 62. Kf5 Re7 63. g5 Rf7+ 64. Ke5 Re7+ 65. Kf6 1-0

[Event "Southern Alberta op"]
[Site "Calgary CAN"]
[Date "2010.11.20"]
[Round "2.2"]
[White "Karmali, Hafiz"]
[Black "Milne, Arthur"]
[Result "0-1"]
[WhiteElo "2084"]
[BlackElo "1758"]
[PlyCount "66"]
[EventDate "2010.11.20"]
[EventType "swiss"]
[EventRounds "5"]
[EventCountry "CAN"]

1. e4 c5 2. Nf3 Nf6 3. e5 Nd5 4. c3 Nc6 5. d4 cxd4 6. cxd4 d6 7. Bc4 Nb6 8. Bb5
a6 9. Bxc6+ bxc6 10. Nc3 Bg4 11. Bf4 e6 12. O-O d5 13. Rc1 Rc8 14. Qd3 Bxf3 15.
gxf3 Ra8 16. Kh1 c5 17. dxc5 Bxc5 18. Nb5 Nc4 19. Nd6+ Bxd6 20. exd6 O-O 21.
Rg1 f6 22. Rg3 Nxd6 23. Rc6 Nf5 24. Rxe6 Nxg3+ 25. hxg3 Qa5 26. Re7 Rfe8 27.
Qe2 Rxe7 28. Qxe7 Qxa2 29. Qb7 Re8 30. b3 Qxf2 31. Qxd5+ Kh8 32. Qc6 Rd8 33.
Be5 fxe5 0-1

[Event "Southern Alberta op"]
[Site "Calgary CAN"]
[Date "2010.11.20"]
[Round "2.3"]
[White "Kornilo, Ivan"]
[Black "Yearwood, Roy"]
[Result "0-1"]
[WhiteElo "1662"]
[BlackElo "2211"]
[PlyCount "160"]
[EventDate "2010.11.20"]
[EventType "swiss"]
[EventRounds "5"]
[EventCountry "CAN"]

1. d4 Nf6 2. c4 c5 3. d5 e6 4. Nc3 exd5 5. Nxd5 Nxd5 6. Qxd5 d6 7. e3 Nc6 8. a3
Be6 9. Qd1 Qf6 10. Nf3 Be7 11. Be2 O-O 12. O-O Rfd8 13. Qc2 h6 14. Bd2 d5 15.
cxd5 Rxd5 16. Bc3 Qf5 17. e4 Qg6 18. Kh1 Rh5 19. Nd2 Rh4 20. Bf3 Bg4 21. Qd1
Rd8 22. Bxg4 Rxg4 23. Qf3 Nd4 24. Bxd4 Rxd4 25. Rad1 Qe6 26. h3 Rg6 27. Rfe1
Qe5 28. Qe2 Qg5 29. g3 Bd6 30. Nf3 Qh5 31. Kg2 Rxd1 32. Rxd1 Re6 33. Qb5 b6 34.
Qd7 Qg6 35. Qxa7 Be7 36. e5 Qe4 37. Qb8+ Kh7 38. Qe8 f6 39. Qf7 Qc6 40. Rd3
fxe5 41. Qf5+ Kg8 42. Re3 e4 43. Nd2 Bg5 44. Nf1 Bxe3 45. Nxe3 b5 46. Qg4 Rg6
47. Qf4 Rf6 48. Qg4 Qe6 49. Qh5 Qf7 50. Qe2 c4 51. Qd2 Re6 52. Qd5 Rf6 53. Qd2
Kh7 54. Ng4 Rf5 55. Ne3 Rh5 56. Qd1 Rc5 57. Qd4 Qf3+ 58. Kg1 Rh5 59. h4 Kh8 60.
Qd8+ Kh7 61. Qd4 Kg8 62. Qd8+ Qf8 63. Qd4 Qe7 64. Kg2 Qe6 65. Kg1 Re5 66. Kg2
Qe7 67. Qb6 Qd7 68. Qb8+ Re8 69. Qb6 Rf8 70. Qg6 Qf7 71. Qxe4 Qxf2+ 72. Kh3 Kh8
73. Qe5 Qf3 74. Qc5 Qh1+ 75. Kg4 Re8 76. Nf5 Qe4+ 77. Kh5 Qe5 78. Qxe5 Rxe5 79.
Kg6 Re2 80. Nxg7 Rxb2 0-1

[Event "Southern Alberta op"]
[Site "Calgary CAN"]
[Date "2010.11.20"]
[Round "2.4"]
[White "Scholz, Mike"]
[Black "Kluytmans, Frank"]
[Result "0-1"]
[WhiteElo "1392"]
[BlackElo "1895"]
[PlyCount "72"]
[EventDate "2010.11.20"]
[EventType "swiss"]
[EventRounds "5"]
[EventCountry "CAN"]

1. c4 e5 2. Nc3 g6 3. e4 c6 4. d3 Bg7 5. Nf3 d6 6. Be2 Nh6 7. Bg5 f6 8. Bxh6
Bxh6 9. Nd2 Be6 10. Qc2 a5 11. Na4 Nd7 12. Nf3 b5 13. cxb5 cxb5 14. Nc3 Rc8 15.
Qd1 b4 16. Na4 O-O 17. O-O d5 18. Qb3 Nc5 19. Nxc5 Rxc5 20. Qa4 d4 21. a3 b3
22. Bd1 Qb6 23. Nh4 Rd8 24. f3 Be3+ 25. Kh1 Bf7 26. g4 Rdc8 27. Qd7 Rc1 28. Be2
Rxf1+ 29. Rxf1 Qc6 30. Qxc6 Rxc6 31. Rb1 Rc2 32. Bf1 Bc1 33. Ng2 Bxb2 34. a4
Rc1 35. Rxc1 Bxc1 36. h4 b2 0-1

[Event "Southern Alberta op"]
[Site "Calgary CAN"]
[Date "2010.11.20"]
[Round "2.5"]
[White "MacFie, Bob"]
[Black "Li, Zeling"]
[Result "1-0"]
[WhiteElo "1816"]
[BlackElo "906"]
[PlyCount "105"]
[EventDate "2010.11.20"]
[EventType "swiss"]
[EventRounds "5"]
[EventCountry "CAN"]

1. f4 d5 2. Nf3 Nc6 3. e3 Bf5 4. Bb5 Bg4 5. b3 a6 6. Bxc6+ bxc6 7. Bb2 e6 8.
O-O Be7 9. Bxg7 Bf6 10. Bxh8 Bxh8 11. d4 Qf6 12. Qd3 Bf5 13. Qd2 Qg6 14. Nh4
Qh5 15. Nxf5 Qxf5 16. Nc3 Nf6 17. Rad1 O-O-O 18. Na4 Qg4 19. Nc5 Rg8 20. Rf2
Qh4 21. g3 Nh5 22. Rg2 Qg4 23. Qe2 Bf6 24. Qxg4 Rxg4 25. Nxa6 Ng7 26. h3 Rg6
27. g4 h5 28. Nc5 Be7 29. b4 hxg4 30. Rxg4 Nf5 31. Rxg6 fxg6 32. Kf2 Bh4+ 33.
Kf3 Bf6 34. Nxe6 Nh4+ 35. Ke2 Nf5 36. Rg1 Kd7 37. Nc5+ Ke7 38. Rxg6 Kf7 39. Rg4
Nh6 40. Rg1 Nf5 41. Kd3 Nh4 42. a4 Nf3 43. Rf1 Nh4 44. a5 Nf5 45. a6 Nd6 46. a7
Nc4 47. a8=Q Nb2+ 48. Ke2 Nc4 49. Qc8 Nb6 50. Qe6+ Kg7 51. Rg1+ Kh7 52. Qf7+
Kh8 53. Qh5# 1-0

[Event "Southern Alberta op"]
[Site "Calgary CAN"]
[Date "2010.11.20"]
[Round "2.6"]
[White "Shi, Diwen"]
[Black "Lee, Nicholas"]
[Result "1-0"]
[WhiteElo "1557"]
[BlackElo "1750"]
[PlyCount "103"]
[EventDate "2010.11.20"]
[EventType "swiss"]
[EventRounds "5"]
[EventCountry "CAN"]

1. d4 Nf6 2. Nf3 e6 3. Bg5 c5 4. c3 Nc6 5. Nbd2 Be7 6. e4 cxd4 7. cxd4 b6 8.
Bd3 Bb7 9. a3 O-O 10. e5 Nd5 11. Bxe7 Qxe7 12. Ne4 f5 13. Nd6 Nd8 14. Qd2 Bc6
15. b4 a6 16. Nc4 b5 17. Na5 Nb7 18. Nxc6 dxc6 19. Rc1 Rac8 20. O-O Rfd8 21.
Bb1 Rd7 22. Rfd1 Nd8 23. Rc5 Nb7 24. Rc2 a5 25. bxa5 Qxa3 26. Ra2 Qc3 27. a6
Na5 28. Rxa5 Qxd2 29. Rxd2 Nc3 30. Ba2 Nxa2 31. Raxa2 Ra7 32. Ng5 Re8 33. f4 h6
34. Nf3 Rea8 35. Kf2 Rxa6 36. Rxa6 Rxa6 37. Rb2 Kf7 38. Nd2 g5 39. g3 Ra4 40.
Ke3 Ke7 41. Nb3 Rb4 42. Kd3 g4 43. Kc3 Rc4+ 44. Kd3 Rb4 45. Rb1 Kd8 46. Nd2
Rxb1 47. Nxb1 Kc7 48. Kc3 Kb6 49. Kb4 Kc7 50. Kc5 Kd7 51. Nd2 Kc7 52. Nb3 1-0

[Event "Southern Alberta op"]
[Site "Calgary CAN"]
[Date "2010.11.20"]
[Round "2.7"]
[White "McKay, Tom"]
[Black "Daniluk, Jim"]
[Result "0-1"]
[WhiteElo "1610"]
[BlackElo "2089"]
[PlyCount "68"]
[EventDate "2010.11.20"]
[EventType "swiss"]
[EventRounds "5"]
[EventCountry "CAN"]

1. e4 c5 2. Nf3 Nc6 3. d4 cxd4 4. Nxd4 Nf6 5. Nc3 e5 6. Ndb5 d6 7. Bg5 a6 8.
Na3 b5 9. Bxf6 gxf6 10. Nd5 f5 11. exf5 Bxf5 12. Ne3 Be6 13. g3 d5 14. Bg2 e4
15. Qh5 Bg7 16. c3 b4 17. Nb1 Qd7 18. O-O O-O 19. Rd1 f5 20. Rd2 d4 21. cxd4
Nxd4 22. Nc2 Rac8 23. Nxd4 Rc1+ 24. Rd1 Rxd1+ 25. Qxd1 Bxd4 26. Qe2 Rc8 27. Nd2
Rc2 28. Rd1 Rxb2 29. Qxa6 Rxa2 30. Qe2 Bc3 31. Nxe4 Rxe2 32. Rxd7 Re1+ 33. Bf1
Bxd7 34. Nxc3 bxc3 0-1

[Event "Southern Alberta op"]
[Site "Calgary CAN"]
[Date "2010.11.20"]
[Round "2.8"]
[White "Singh, Krishneel"]
[Black "Razzaq, Ali"]
[Result "0-1"]
[WhiteElo "1465"]
[BlackElo "1990"]
[PlyCount "85"]
[EventDate "2010.11.20"]
[EventType "swiss"]
[EventRounds "5"]
[EventCountry "CAN"]

1. d4 d5 2. c4 e6 3. Nf3 Be7 4. Nc3 Nf6 5. g4 Nxg4 6. Rg1 f5 7. Bf4 g5 8. Be5
Nxe5 9. Nxe5 Nc6 10. Nxc6 bxc6 11. e3 g4 12. h3 h5 13. c5 Rb8 14. Be2 Rxb2 15.
hxg4 hxg4 16. Rb1 Rxb1 17. Qxb1 Bf6 18. Nd1 Qe7 19. f3 g3 20. Kd2 Rh2 21. Rxg3
Ba6 22. Nc3 e5 23. Qb8+ Kd7 24. Kd1 Bxe2+ 25. Nxe2 exd4 26. Rg8 Rh1+ 27. Ng1
Rxg1+ 28. Rxg1 Qxe3 29. Rg8 Qxf3+ 30. Kc1 Bg5+ 31. Kb1 Qd3+ 32. Ka1 Qc3+ 33.
Qb2 Qxb2+ 34. Kxb2 Be7 35. Rg7 Ke6 36. Rg6+ Bf6 37. Kc2 f4 38. Kd3 f3 39. a4
Kf5 40. Rg8 Be7 41. Rg7 Bxc5 42. Rxc7 Kg4 43. Rxc6 0-1

[Event "Southern Alberta op"]
[Site "Calgary CAN"]
[Date "2010.11.20"]
[Round "2.9"]
[White "Bezjack, Rob"]
[Black "Dunne, Eoin"]
[Result "0-1"]
[WhiteElo "1376"]
[BlackElo "1697"]
[PlyCount "34"]
[EventDate "2010.11.20"]
[EventType "swiss"]
[EventRounds "5"]
[EventCountry "CAN"]

1. e4 d6 2. d4 Nf6 3. f3 Nbd7 4. b3 e5 5. Bb2 Be7 6. Nd2 O-O 7. Ne2 c6 8. f4
exf4 9. Nxf4 Re8 10. Qf3 Qa5 11. Bc4 Nxe4 12. Bxf7+ Kxf7 13. Qxe4 Bh4+ 14. Kd1
Rxe4 15. Nxe4 Nf6 16. Nxd6+ Kg8 17. Re1 Qxe1# 0-1

[Event "Southern Alberta op"]
[Site "Calgary CAN"]
[Date "2010.11.20"]
[Round "3.1"]
[White "Milne, Arthur"]
[Black "Rekhson, Vladislav"]
[Result "0-1"]
[WhiteElo "1758"]
[BlackElo "2132"]
[PlyCount "88"]
[EventDate "2010.11.20"]
[EventType "swiss"]
[EventRounds "5"]
[EventCountry "CAN"]

1. e4 c5 2. Nc3 Nc6 3. f4 d6 4. Nf3 e6 5. Bb5 Bd7 6. O-O a6 7. Bxc6 Bxc6 8. d3
Ne7 9. Kh1 g6 10. Qe1 Bg7 11. Bd2 O-O 12. Qh4 b5 13. Nd1 d5 14. Re1 dxe4 15.
dxe4 Nf5 16. Qf2 Nd6 17. e5 Ne4 18. Qe2 Bh6 19. Be3 Qd5 20. Nf2 Nxf2+ 21. Qxf2
Rfd8 22. Qe2 Qe4 23. Bxc5 Qxe2 24. Rxe2 Bxf4 25. Nd4 Bb7 26. Bd6 Bh6 27. c3
Rac8 28. a4 bxa4 29. Rxa4 Bf8 30. Bxf8 Kxf8 31. Kg1 Rc5 32. Nb3 Rd1+ 33. Kf2
Rc7 34. Rd2 Rxd2+ 35. Nxd2 Rc5 36. Nf3 a5 37. b4 axb4 38. cxb4 Rb5 39. Ke3 Bxf3
40. Kxf3 Rxe5 41. Ra5 Rf5+ 42. Ke3 Ke7 43. Ra7+ Kd6 44. g4 Rf1 0-1

[Event "Southern Alberta op"]
[Site "Calgary CAN"]
[Date "2010.11.20"]
[Round "3.2"]
[White "Yearwood, Roy"]
[Black "MacFie, Bob"]
[Result "1-0"]
[WhiteElo "2211"]
[BlackElo "1816"]
[PlyCount "76"]
[EventDate "2010.11.20"]
[EventType "swiss"]
[EventRounds "5"]
[EventCountry "CAN"]

1. d4 Nf6 2. Bg5 Ne4 3. Bf4 d5 4. Nd2 Nxd2 5. Qxd2 c6 6. Nf3 Bf5 7. e3 e6 8.
Be2 Bd6 9. Bxd6 Qxd6 10. Nh4 Nd7 11. O-O Bg6 12. c4 dxc4 13. Bxc4 Ne5 14. Rac1
Nxc4 15. Rxc4 Be4 16. Rc5 Bd5 17. b3 Qe7 18. g3 O-O 19. f3 f5 20. Qc2 g5 21.
Ng2 g4 22. e4 gxf3 23. exd5 fxg2 24. Re1 cxd5 25. Rxd5 Rad8 26. Rxd8 Qxd8 27.
Qc4 Rf6 28. Rxe6 Kg7 29. Rxf6 Qxf6 30. Kxg2 Qe7 31. Kf2 f4 32. gxf4 Qh4+ 33.
Kf3 Qh3+ 34. Ke4 Qxh2 35. Qc7+ Kh6 36. Qd6+ Kg7 37. Qe7+ Kg8 38. Qg5+ Kh8 1-0

[Event "Southern Alberta op"]
[Site "Calgary CAN"]
[Date "2010.11.20"]
[Round "3.3"]
[White "Pedersen, Rick"]
[Black "Kowalyk, Tim"]
[Result "1-0"]
[WhiteElo "1962"]
[BlackElo "1609"]
[PlyCount "59"]
[EventDate "2010.11.20"]
[EventType "swiss"]
[EventRounds "5"]
[EventCountry "CAN"]

1. e4 c5 2. Nf3 d6 3. d4 cxd4 4. Nxd4 Nf6 5. Nc3 a6 6. Bc4 e6 7. Bb3 Nc6 8. a4
Bd7 9. O-O Qc7 10. Nxc6 Bxc6 11. Qe2 Be7 12. f4 O-O 13. f5 e5 14. Bg5 b5 15.
Bxf6 Bxf6 16. Rfd1 Qb6+ 17. Kh1 b4 18. Nd5 Bxd5 19. Rxd5 a5 20. Rad1 Rfd8 21.
Rb5 Qc7 22. Qd3 Be7 23. Qd5 Ra7 24. Qxf7+ Kh8 25. Rbd5 Rf8 26. Qh5 Qb6 27. R5d3
Qc6 28. Rh3 h6 29. Qg6 Bf6 30. Rxh6+ 1-0

[Event "Southern Alberta op"]
[Site "Calgary CAN"]
[Date "2010.11.20"]
[Round "3.4"]
[White "Wang, Yuekai"]
[Black "Shi, Diwen"]
[Result "1/2-1/2"]
[WhiteElo "1904"]
[BlackElo "1557"]
[PlyCount "76"]
[EventDate "2010.11.20"]
[EventType "swiss"]
[EventRounds "5"]
[EventCountry "CAN"]

1. e4 Nf6 2. Nc3 e5 3. Nf3 Nc6 4. Bb5 Bb4 5. O-O d6 6. Nd5 Bc5 7. d3 h6 8. h3
O-O 9. c3 a6 10. Ba4 Nxd5 11. exd5 Ne7 12. Bb3 Nf5 13. Re1 Qf6 14. Be3 Nxe3 15.
fxe3 Ba7 16. Kh1 Kh8 17. d4 e4 18. Nd2 Qh4 19. Qe2 f5 20. Rf1 Bd7 21. Rf4 Qe7
22. a3 Rae8 23. Ba2 Kh7 24. Raf1 Bb5 25. c4 Bd7 26. Bb1 Kg8 27. Nb3 b5 28. Rc1
Rc8 29. c5 c6 30. dxc6 Bxc6 31. Na5 Bd5 32. b4 Bb6 33. Ba2 Qe6 34. Bxd5 Qxd5
35. Qc2 Bxa5 36. bxa5 dxc5 37. dxc5 Rf6 38. Rff1 Rfc6 1/2-1/2